000 00311nam a2200133Ia 4500
005 20251222141840.0
008 251222s9999||||xx |||||||||||||| ||spa||
020 _a84-206-1585-4
082 _a928.51/B67/Ej.2
100 _aBranca, Vittore
245 0 _aBocacio y su Época
264 _bAlianza
942 _cLIB
999 _c7383
_d7383